000 00478ntaaa2200193 4500
003 01
005 20251027202745.0
008 0714s1973 ag 01
040 _aAR-BaBN
_bspa
_cAR-BaBN
_eaacr
_dRIC
082 _a791.5000 C27
100 _aCassell, Sylvia
_927662
245 _aFun with puppets
250 _a1 ed.
260 _aNashville :
_bBroadman Press,
_cc1956
300 _a113 p
650 _arecreación
_918895
650 _aeducación religiosa
_94601
942 _cBK
999 _c22844
_d22844